00918cam a22002411 4500001001300000003000400013005001700017008004100034010001700075035001900092040001800111050002100129100006100150245014400211260004700355300003900402490005500441500004800496504003000544650003200574700005300606999001700659w 13000062 DLC20260227112808.0771012s1913 xx 000 0 eng  aw 13000062  a(OCoLC)3335034 aDLCcOTUdDLC00aDS511b.D73 19131 aDouglas, Robert K.q(Robert Kennaway),cSir,d1838-1913.10aEurope and the Far East, 1506-1912,cby Sir Robert K. Douglas...rev. and cor. with an additional chapter (1904-1912) by Joseph H. Longford. aCambridge [Eng.]bUniversity press,c1913. avii, 487 p.b6 fold. maps.c20 cm.0 aCambridge historical series, ed. by G. W. Prothero aFirst edition, 1904: revised edition, 1913. aBibliography: p. 463-475. 0aEastern question (Far East)1 aLongford, Joseph H.q(Joseph Henry),d1849-1925. c92039d92039